| 000 | 00587nam a2200229Ia 4500 | ||
|---|---|---|---|
| 008 | 140626s9999 xx 000 0 und d | ||
| 100 | _aSun-Cua, Alice. | ||
| 245 |
_aBuried treasures in a North African Odyssey / _cAlice Sun-Cua. |
||
| 260 | _cc2011. | ||
| 300 | _a13 : 7, page 62 | ||
| 440 | _aCruising | ||
| 521 | _aTOU | ||
| 650 | _aAncient Greek civilization. | ||
| 650 | _aApollonia. | ||
| 650 | _aCyrenaica. | ||
| 650 | _aGreek. | ||
| 650 | _aLibya. | ||
| 650 | _aNorth African. | ||
| 650 | _aRoman and byzantine architecture. | ||
| 650 | _aRuins. | ||
| 942 | _cSE | ||
| 999 |
_c121177 _d121177 |
||